| 000 | 00943nam a2200241 a 4500 | ||
|---|---|---|---|
| 001 | 74169 | ||
| 003 | BD-RjUL | ||
| 005 | 20211209082515.0 | ||
| 008 | 180313t20152005bg ||||| |||b 00| 0 ben d | ||
| 020 |
_a9789848892718 _cTk. 500.00 |
||
| 035 | _a(BD-RjUL)74387 | ||
| 040 |
_aBD-RjUL _beng _cBD-RjUL |
||
| 041 | _aben | ||
| 082 |
_2ben _a303.482182105 _bSAO 2015 |
||
| 100 | 1 |
_aসাঈদ, এড ওয়া্র্ড ডব্লিউ _9220550 |
|
| 245 | 1 | 0 |
_aঅরিয়েন্টালিজম / _cএড ওয়া্র্ড ডব্লিউ সাঈদ ; ভুমিকা ও ভাষান্তর ফয়েজ আলম |
| 300 |
_a৩৭২ পৃ. ; _c২২ সেমি. |
||
| 504 | _aগ্রন্থপঞ্জি সংযোজিত | ||
| 650 |
_aপ্রাচ্য নীতি _9220551 |
||
| 650 |
_aOrientalism _9220552 |
||
| 700 |
_aআলম, ফয়েজ _9220553 |
||
| 942 |
_2ddc _cBK |
||
| 999 |
_c74169 _d74169 |
||